LEADER 00898nam0-22003131i-450- 001 990005880470403321 005 20060116114222.0 010 $a88-420-5656-1 035 $a000588047 035 $aFED01000588047 035 $a(Aleph)000588047FED01 035 $a000588047 100 $a20000421d1998----km-y0itay50------ba 101 0 $aita 105 $ay-------001yy 200 1 $a<>IDENTITÀ degli italiani$fa cura di Giorgio Calcagno 210 $d1998$aBari$cLaterza$aRoma 215 $aVIII, 197 p.$d21 cm 225 1 $aEconomica Laterza$v159 610 0 $aItaliani$aComportamento sociale 676 $a305.851$v21$zita 702 1$aCalcagno,$bGiorgio$f<1929-2004> 801 0$aIT$bUNINA$gRICA$2UNIMARC 901 $aBK 912 $a990005880470403321 952 $a305.851 CAL 1$bBibl.30623$fFLFBC 959 $aFLFBC 996 $aIDENTITÀ degli italiani$9563952 997 $aUNINA LEADER 01615nam 2200541Ia 450 001 9910451570503321 005 20200520144314.0 010 $a0-7914-8360-6 010 $a1-4237-4392-X 035 $a(CKB)1000000000458813 035 $a(OCoLC)461442382 035 $a(CaPaEBR)ebrary10579219 035 $a(SSID)ssj0000250426 035 $a(PQKBManifestationID)11217498 035 $a(PQKBTitleCode)TC0000250426 035 $a(PQKBWorkID)10231616 035 $a(PQKB)10107745 035 $a(MiAaPQ)EBC3407796 035 $a(OCoLC)62734632 035 $a(MdBmJHUP)muse6258 035 $a(Au-PeEL)EBL3407796 035 $a(CaPaEBR)ebr10579219 035 $a(OCoLC)923410068 035 $a(EXLCZ)991000000000458813 100 $a20040329d2005 uy 0 101 0 $aeng 135 $aurcn||||||||| 181 $ctxt 182 $cc 183 $acr 200 10$aStaging history$b[electronic resource] $eBrecht's social concepts of ideology /$fAstrid Oesmann 210 $aAlbany $cState University of New York Press$dc2005 215 $a1 online resource (242 p.) 300 $aBibliographic Level Mode of Issuance: Monograph 311 $a0-7914-6385-0 320 $aIncludes bibliographical references (p. 207-223) and index. 606 $aGerman literature 608 $aElectronic books. 615 0$aGerman literature. 676 $a832/.912 700 $aOesmann$b Astrid$f1961-$01056990 801 0$bMiAaPQ 801 1$bMiAaPQ 801 2$bMiAaPQ 906 $aBOOK 912 $a9910451570503321 996 $aStaging history$92491762 997 $aUNINA